Olympique lyonnais - le grand quiz - Statistiques

Statistiques générales
  • Ce quiz a été pris 1 429 fois
  • Le résultat moyen est 30 sur 40
Statistiques - réponses
Question Réponse % Correct
Combien de Coupe de France a gagné le club ? 5
95%
En combientième division évolue le club à ce moment là ? D2
95%
Combien de Championnats de France a remporté le club ? 7
94%
Quel joueur formé au club fait son retour au club en 2022, tout comme Corentin Tolisso ? Alexandre Lacazette
94%
Qui, en 1987, prend la présidence du club ? Jean-Michel Aulas
93%
Quel futur Ballon d’or, formé au club, part au Real Madrid en 2008 ? Karim Benzema
92%
Qui est actuellement l’équipementier du club ? Adidas
91%
Quel milieu brésilien portant le 8, est une icône de cette période et était réputé pour ses coup-francs ? Juninho
91%
Quel joueur portugais formé au club arrivé en 2000 dans les catégories jeunes de l’OL est toujours au club, titulaire, actuellement ? Anthony Lopes
90%
Quel futur gardien et capitaine des bleus évolue au club de 2008 à 2012 ? Hugo Lloris
90%
pour rejoindre le … Groupama Stadium
88%
Quel joueur phare formé au club s’en va au Betis Séville à l’été 2019 ? Nabil Fékir
88%
En 2016, l’Olympique lyonnais change de stade : il quitte donc le … Stade de Gerland
88%
Quel homme d’affaires américain rachète le club en 2022 ? John Textor
87%
En quelle année le club remporte son premier sacre de Champion de France ? 2002
86%
En quelle année le club remporte son 7ème titre de champion d’affilée qui sera le dernier de la série ? 2008
86%
Quel milieu brésilien excellent en football tout comme en danse, évolue au club de 2020 à 2022 avant de partir à West Ham ? Lucas Paquetá
86%
Qui est le gardien de l’OL durant toute cette période fantastique ? Grégory Coupet
85%
Sur quel score se finit le match fou entre Lyon et Marseille le 8 novembre 2009 ? 5 : 5
84%
Quel coach rejoint l’OL fin 2015 et y restera jusqu’en 2019 ? Bruno Génésio
81%
À quel stade de la Ligue des Champions 2020 l’OL est-il éliminé par le Bayern ? Demies-finale
79%
Quel joueur ayant explosé à Bordeaux grâce à ses nombreuses qualités, rejoint Lyon en 2010, où ce sera moins glorieux ? Yoann Gourcuff
79%
Après ça, contre qui s’inclineront ils en demies ? Ajax Amsterdam
76%
Quel club élimine l’OL en demies finale de la Ligue des Champions en 2010 ? Bayern Munich
76%
Quel club français l’OL a éliminé en quarts de finale lors de cette Ligue des Champions ? Girondins de Bordeaux
76%
Quel entraîneur français est à la tête du club à ce moment là ? Rudy Garcia
76%
Quel buteur brésilien du club au début des années 2000 est une véritable star du club ? Sonny Anderson
75%
Qui est le meilleur buteur de l’histoire du club avec 222 buts ? Fleury Di Nallo
72%
Lors de l’Europa League 2016-17, quelle équipe les lyonnais éliminent aux tirs aux buts en quarts de finale ? Besiktas
63%
Quel groupe de productions de films devient actionneur à 34% du club en 1999 ? Pathé
62%
En quelle année l’OL remporte la Coupe Intertoto, sa seule compétition européenne remportée ? 1997
61%
Quel est l’équipementier du club de 2002 à 2010 ? Umbro
61%
Quel ancien joueur du club le coache de 1988 à 1993 ? Raymond Domenech
59%
Quel futur sélectionneur victorieux de l’Équipe de France coache le club de 1976 à 1980 ? Aimé Jacquet
57%
Après le but victorieux de Memphis Depay contre le PSG en janvier 2018, quel objet commémoratif décrié l’OL sort ? Un mug
51%
Qui est le joueur le plus capé de l’histoire du club avec 542 apparitions ? Serge Chiesa
41%
Qui le remplace la saison suivante jusqu’en 2005 ? Paul Le Guen
40%
Qui lui succède le 29 mai 2005 ? Gérard Houllier
33%
Qui est coach du club cette saison là ? Jacques Santini
27%
Contre qui l’OL s’impose lors de cette finale de Coupe Intertoto ? Montpellier HSC
12%
Aucun quiz correspondant
Distribution des résultats
% des personnes avec chaque résultat
Percentile par nombre de réponses
Votre historique - résultats
Vous n’avez pas pris ce quiz